| 000 | 00925nam a2200289 u 4500 | ||
|---|---|---|---|
| 001 | 000039411 | ||
| 005 | 20200120222335.0 | ||
| 008 | 100706s2009 sp gr 000 0 spa d | ||
| 020 | _a9788496822696 | ||
| 041 | 1 |
_a-spa _heng |
|
| 082 | 0 | 4 |
_a615.1 _bS31 _221 |
| 100 | 1 | _aShah, Sonia | |
| 245 | 1 | 0 |
_aCazadores de cuerpos : _bla experimentación farmacéutica con los pobres del mundo / _cSonia Shah ; prólogo: John Le Carré ; traducción: Ricardo García Pérez. |
| 250 | _a1a. ed. | ||
| 260 |
_aMadrid : _b451 Editores, _c2009. |
||
| 300 | _a342 p. | ||
| 490 | 0 | _a451.http.doc | |
| 500 | _aTítulo original: The body hunters | ||
| 650 | 1 | 4 | _aMedicamentos |
| 650 | 2 | 4 |
_aMedicina _xInvestigaciones |
| 650 | 2 | 4 | _aProductos farmacéuticos |
| 650 | 2 | 4 | _aÉtica médica |
| 650 | 2 | 4 | _aFarmacología |
| 650 | 2 | 7 | _aMetabolismo de las drogas |
| 700 | 1 |
_aLe Carré, John _epról. |
|
| 700 | 1 |
_aGarcía Pérez, Ricardo _etr. |
|
| 999 |
_c2398 _d2398 |
||